[Event "Bouhjar BICA Blitz op 03"]
[Site "Bouhjar"]
[Date "2021.03.28"]
[Round "9"]
[White "Bourkhis, Adnane"]
[Black "Malki, Mounir"]
[Result "1-0"]
[WhiteElo "2005"]
[BlackElo "1669"]
[PlyCount "47"]
[EventDate "2021.03.28"]
[EventType "swiss (blitz)"]
[EventRounds "9"]
[EventCountry "TUN"]
[SourceTitle "CBM 202 Extra"]
[Source "ChessBase"]
[SourceDate "2021.07.31"]
[SourceVersion "1"]
[SourceVersionDate "2021.07.31"]
[SourceQuality "1"]

1. e4 g6 2. Nf3 Bg7 3. d4 d6 4. Bd3 Bg4 5. c3 Nf6 6. h3 Bxf3 7. Qxf3 c6 8. 0-0 0-0 9. Bf4 Nbd7 10. Nd2 Qb6 11. Rab1 Rfe8 12. Nc4 Qc7 13. e5 Nd5 14. exd6 exd6 15. Bxd6 Qd8 16. Bg3 b5 17. Nd6 Re6 18. Qxf7+ Kh8 19. Qxe6 b4 20. Nf7+ Kg8 21. Nxd8+ Kh8 22. Nf7+ Kg8 23. Nh6+ Kh8 24. Qg8+ 1-0

[Event "Bouhjar BICA Blitz op 03"]
[Site "Bouhjar"]
[Date "2021.03.28"]
[Round "7"]
[White "Malki, Mounir"]
[Black "Ben Abbes, Ayoub"]
[Result "0-1"]
[WhiteElo "1669"]
[BlackElo "1568"]
[PlyCount "53"]
[EventDate "2021.03.28"]
[EventType "swiss (blitz)"]
[EventRounds "9"]
[EventCountry "TUN"]
[SourceTitle "CBM 202 Extra"]
[Source "ChessBase"]
[SourceDate "2021.07.31"]
[SourceVersion "1"]
[SourceVersionDate "2021.07.31"]
[SourceQuality "1"]

1. d4 d5 2. c4 Nf6 3. Nc3 c6 4. Bg5 Bf5 5. Bxf6 gxf6 6. cxd5 cxd5 7. Qb3 Qb6 8. Qxb6 axb6 9. Nxd5 Na6 10. Rc1 Rd8 11. Nxb6 Rxd4 12. Rc8+ Rd8 13. Rxd8+ Kxd8 14. f3 Be6 15. e4 Bxa2 16. Bd3 e6 17. Ne2 Bb4+ 18. Kd1 Nc5 19. Bc4 Kc7 20. Bxa2 Kxb6 21. Kc2 Rd8 22. Rd1 Rxd1 23. Kxd1 Nd3 24. Kc2 Ne1+ 25. Kb3 Bc5 26. Kc4 Nxg2 27. b4 0-1

[Event "WchT Seniors 65"]
[Site "Radebeul"]
[Date "2016.07.04"]
[Round "9.24"]
[White "Malki, Mounir"]
[Black "Zanger, Konrad"]
[Result "0-1"]
[WhiteElo "1757"]
[BlackElo "1777"]
[PlyCount "118"]
[EventDate "2016.06.26"]
[EventType "team-swiss"]
[EventRounds "9"]
[EventCountry "GER"]
[SourceTitle "CBM 173 Extra"]
[Source "ChessBase"]
[SourceDate "2016.08.29"]
[SourceVersion "1"]
[SourceVersionDate "2016.08.29"]
[SourceQuality "1"]
[WhiteTeam "Tunisia"]
[BlackTeam "Saxone"]
[WhiteTeamCountry "TUN"]
[BlackTeamCountry "GER"]

1. d4 Nf6 2. c4 g6 3. Nc3 c6 4. e4 d6 5. Bg5 Bg7 6. h3 h6 7. Bh4 0-0 8. Qc2 Nbd7 9. Nf3 a6 10. a4 c5 11. e5 dxe5 12. dxe5 Nh7 13. Rd1 g5 14. Bd3 f5 15. Bg3 e6 16. 0-0 Qe7 17. Rfe1 Nb8 18. a5 Nc6 19. Qa4 Qc7 20. Ra1 Nb4 21. Bb1 Bd7 22. Qd1 Rfd8 23. Qd6 Rac8 24. Rd1 Bf8 25. Qxc7 Rxc7 26. Na4 Be7 27. Nb6 Bc6 28. Rxd8+ Bxd8 29. Ne1 Nf8 30. f4 Rg7 31. Nc8 Bc7 32. Nd6 Bxd6 33. exd6 Rd7 34. fxg5 hxg5 35. Be5 Ng6 36. Bh2 Kf7 37. Nd3 Nxd3 38. Bxd3 Kf6 39. Re1 e5 40. g4 Rxd6 41. Bxf5 Nf4 42. Bxf4 gxf4 43. Be4 Bxe4 44. Rxe4 b6 45. axb6 Rxb6 46. Re2 Rb4 47. Rc2 e4 48. h4 Ke5 49. h5 f3 50. h6 Kf4 51. h7 Rb8 52. Rh2 Rh8 53. Rh5 Kxg4 54. Rxc5 Rxh7 55. Re5 Kf4 56. Re6 Rb7 57. Rxa6 Rxb2 58. Ra1 Rc2 59. Ra4 Ke3 0-1

[Event "WchT Seniors 65"]
[Site "Radebeul"]
[Date "2016.07.03"]
[Round "8.25"]
[White "Koenig, Manfred"]
[Black "Malki, Mounir"]
[Result "0-1"]
[WhiteElo "1305"]
[BlackElo "1757"]
[PlyCount "78"]
[EventDate "2016.06.26"]
[EventType "team-swiss"]
[EventRounds "9"]
[EventCountry "GER"]
[SourceTitle "CBM 173 Extra"]
[Source "ChessBase"]
[SourceDate "2016.08.29"]
[SourceVersion "1"]
[SourceVersionDate "2016.08.29"]
[SourceQuality "1"]
[WhiteTeam "Radebeul Chemie"]
[BlackTeam "Tunisia"]
[WhiteTeamCountry "GER"]
[BlackTeamCountry "TUN"]

1. d4 g6 2. c4 Bg7 3. Nc3 d6 4. e3 Nf6 5. Nf3 Bg4 6. Be2 0-0 7. h3 Bxf3 8. Bxf3 c6 9. b3 Nbd7 10. 0-0 Re8 11. Bb2 Rb8 12. Rb1 a6 13. Qd2 Qa5 14. Rfd1 e5 15. Ne4 Qc7 16. Nxf6+ Bxf6 17. dxe5 Nxe5 18. Be2 Rbd8 19. Qe1 g5 20. Qf1 Kg7 21. g4 b5 22. Qg2 b4 23. Kh1 Qa5 24. Bxe5 Bxe5 25. Qxc6 Qxa2 26. Qf3 Re6 27. Bd3 Rf6 28. Qe2 Qxe2 29. Bxe2 Rxf2 30. Bf1 a5 31. Bg2 Re2 32. Kg1 Rxe3 33. Re1 Rc3 34. Re2 Re8 35. Kh1 Rd3 36. Rf2 Bd4 37. Rc2 Ree3 38. Kh2 Rxb3 39. Rxb3 Rxb3 0-1

[Event "WchT Seniors 65"]
[Site "Radebeul"]
[Date "2016.07.01"]
[Round "6.24"]
[White "Perk, Egbert"]
[Black "Malki, Mounir"]
[Result "1-0"]
[WhiteElo "1949"]
[BlackElo "1757"]
[PlyCount "65"]
[EventDate "2016.06.26"]
[EventType "team-swiss"]
[EventRounds "9"]
[EventCountry "GER"]
[SourceTitle "CBM 173 Extra"]
[Source "ChessBase"]
[SourceDate "2016.08.29"]
[SourceVersion "1"]
[SourceVersionDate "2016.08.29"]
[SourceQuality "1"]
[WhiteTeam "Surprise"]
[BlackTeam "Tunisia"]
[WhiteTeamCountry "GER"]
[BlackTeamCountry "TUN"]

1. Nf3 g6 2. c4 Bg7 3. d4 d6 4. g3 Bg4 5. Bg2 Nd7 6. h3 Bxf3 7. Bxf3 c5 8. e3 Rb8 9. 0-0 Ngf6 10. Nc3 0-0 11. b3 a6 12. Qd3 e5 13. Rd1 Re8 14. dxc5 e4 15. Qxd6 exf3 16. Ba3 Re6 17. Qd2 Qa5 18. Bb2 Qxc5 19. Na4 Qh5 20. h4 g5 21. Qd4 Re4 22. Qd6 Bf8 23. Qc7 Rxh4 24. gxh4 Qxh4 25. Qg3 Qh5 26. Bxf6 Nxf6 27. Rd4 Re8 28. Rad1 Be7 29. Nc3 g4 30. Nd5 Nxd5 31. Rxg4+ Kh8 32. Rxd5 f5 33. Qe5+ 1-0